000 01363nam a2200349 c 4500
003 BLK
005 20241116120119.0
008 180408b bul|||||r ||||||| ||bul||
010 _aKNG00089807000
020 _a978-954-685-412-4
_bиздат.: СофтПрес
040 _aBLK
041 _aBUL
_cBUL
080 _aЗабавна физика, трикове, фокуси, илюзионизъм, хоби (общи въпроси). Се класифица със съотношение към съответния отдел. Вж и 792.734
_b793.8
_x(035)
_z793.8(035)
100 1 _aЦолов, Красимир
_eпърви автор
_9366605
139 _aЦолов, Красимир
_bЦ 76
245 1 0 _aФокуси за начинаещи и напреднали магове
_cКрасимир Цолов.
257 _aBGR
260 София
_bСофтПрес
_c2008
300 _a224 с.
_c24 см
380 _a79
500 _aОфс. изд.
650 4 _aФокуси - наръчници и ръководства
_9175900
653 _aфокуси
653 _aнаръчници
653 _aръководства
852 _aЦб 244231
856 4 _qpdf
_u
856 4 _qpdf
_u
942 _cKNG
_n0
_019
944 _aCR
_c10.06.2009
_lВася Ганчева
_k30549
944 _aED
_c12.06.2009
_lф /
_k
999 _c85211
_d85211